Insurance body blow (Record no. 68210)
[ view plain ]
| 000 -LEADER | |
|---|---|
| fixed length control field | 01069cam a2200229 4500 |
| 001 - CONTROL NUMBER | |
| control field | ABS64387 |
| 008 - FIXED-LENGTH DATA ELEMENTS--GENERAL INFORMATION | |
| fixed length control field | 010910n2001 000 0 eng u |
| 035 ## - SYSTEM CONTROL NUMBER | |
| System control number | (Sirsi) u114494 |
| 100 ## - MAIN ENTRY--PERSONAL NAME | |
| Personal name | Thompson, R |
| 245 ## - TITLE STATEMENT | |
| Title | Insurance body blow |
| 260 ## - PUBLICATION, DISTRIBUTION, ETC. | |
| Date of publication, distribution, etc. | 2001 |
| 490 ## - SERIES STATEMENT | |
| Series statement | Construction News |
| Volume/sequential designation | (6731) 30 August 2001, 12-13(2) |
| 520 ## - SUMMARY, ETC. | |
| Summary, etc. | Examines the consequences of the huge rises in insurance premiums faced by firms as compensation claims and lawyers' fees increase. Heavier trades such as scaffolding and demolition will see the highest increases but all areas of the construction industry will be affected. This increase in insurance premiums may force many firms out of business and prevent new firms from starting up as they either cannot afford the increases or cannot obtain insurance until they have a 5-year good track record. |
| 590 ## - LOCAL NOTE (RLIN) | |
| Local note | ABS |
| 650 ## - SUBJECT ADDED ENTRY--TOPICAL TERM | |
| Topical term or geographic name entry element | CONSTRUCTION INDUSTRY |
| 650 ## - SUBJECT ADDED ENTRY--TOPICAL TERM | |
| Topical term or geographic name entry element | INSURANCE ISSUES |
| 650 ## - SUBJECT ADDED ENTRY--TOPICAL TERM | |
| Topical term or geographic name entry element | COMPENSATION CLAIMS |
| 650 ## - SUBJECT ADDED ENTRY--TOPICAL TERM | |
| Topical term or geographic name entry element | INSURANCE PREMIUMS |
| 650 ## - SUBJECT ADDED ENTRY--TOPICAL TERM | |
| Topical term or geographic name entry element | CONTRACTORS |
| 690 ## - LOCAL SUBJECT ADDED ENTRY--TOPICAL TERM (OCLC, RLIN) | |
| Topical term or geographic name as entry element | Insurance |
| 9 (RLIN) | 6249 |
| 942 ## - ADDED ENTRY ELEMENTS (KOHA) | |
| Suppress in OPAC | 0 |
| Withdrawn status | Lost status | Source of classification or shelving scheme | Damaged status | Not for loan | Home library | Current library | Shelving location | Date acquired | Total Checkouts | Full call number | Barcode | Date last seen | Copy number | Price effective from | Koha item type |
|---|---|---|---|---|---|---|---|---|---|---|---|---|---|---|---|
| Dewey Decimal Classification | London | London | Journal article | 10/09/2001 | ABS64387 | 114494-1001 | 06/08/2019 | 1 | 06/08/2019 | Journal article |